The Story of the Tanzania Parliament/ (Record no. 4649)

MARC details
000 -LEADER
fixed length control field 00444nam a22001457a 4500
008 - FIXED-LENGTH DATA ELEMENTS--GENERAL INFORMATION
fixed length control field 161122b xxu||||| |||| 00| 0 eng d
020 ## - INTERNATIONAL STANDARD BOOK NUMBER
International Standard Book Number 978 9987 09 154 6
082 ## - DEWEY DECIMAL CLASSIFICATION NUMBER
Classification number 328.967'8 MSE
100 ## - MAIN ENTRY--PERSONAL NAME
Personal name Msekwa, Pius.-
245 ## - TITLE STATEMENT
Title The Story of the Tanzania Parliament/
Statement of responsibility, etc. Pius Msekwa.-
Medium English.
260 ## - PUBLICATION, DISTRIBUTION, ETC. (IMPRINT)
Place of publication, distribution, etc. Dar Es Salaam;
Name of publisher, distributor, etc. Nyambari Nyangwire,
Date of publication, distribution, etc. 2013.
300 ## - PHYSICAL DESCRIPTION
Extent 127p.;
Other physical details ill.;
Dimensions 25cm.-
650 ## - SUBJECT ADDED ENTRY--TOPICAL TERM
Source of heading or term The legislative process
942 ## - ADDED ENTRY ELEMENTS (KOHA)
Source of classification or shelving scheme Dewey Decimal Classification
Koha item type BOOKS

No items available.

IRDP © 2021 :: Managed by ICT Team